[Event "Agen 2017 - Open C"]
[Site "?"]
[Date "2017.08.19"]
[Round "1.2"]
[White "Rohrhurst, Werner"]
[Black "Fromont, Christophe"]
[Result "1-0"]
[LiveChessVersion "1.4.8"]
[BlackElo "1660"]
[WhiteElo "1795"]

1. d4 {[%clk 1:30:32]} Nf6 {[%clk 1:30:46]} 2. c4 {[%clk 1:30:16]} e6
{[%clk 1:30:28]} 3. Nf3 {[%clk 1:28:54]} b6 {[%clk 1:30:50]} 4. Nc3
{[%clk 1:28:48]} Bb7 {[%clk 1:30:58]} 5. e3 {[%clk 1:27:09]} Bb4 {[%clk 1:25:03]}
6. a3 {[%clk 1:27:12]} Bxc3+ {[%clk 1:24:41]} 7. bxc3 {[%clk 1:27:24]} O-O
{[%clk 1:23:31]} 8. Bd3 {[%clk 1:26:40]} d5 {[%clk 1:21:54]} 9. Rb1
{[%clk 1:25:42]} dxc4 {[%clk 1:15:50]} 10. Bxc4 {[%clk 1:25:31]} Ne4
{[%clk 1:15:58]} 11. Qc2 {[%clk 1:24:57]} Nd7 {[%clk 1:15:39]} 12. a4
{[%clk 1:22:19]} a5 {[%clk 1:15:22]} 13. Ba3 {[%clk 1:21:48]} c5 {[%clk 1:11:35]}
14. Bd3 {[%clk 1:17:44]} f5 {[%clk 1:03:02]} 15. O-O {[%clk 1:14:38]} Rf6
{[%clk 1:01:56]} 16. Rfd1 {[%clk 1:14:04]} Rh6 {[%clk 0:58:05]} 17. dxc5
{[%clk 1:13:09]} Nxc3 {[%clk 0:58:03]} 18. Bxf5 {[%clk 1:13:23]} Nxd1
{[%clk 0:57:52]} 19. c6 {[%clk 1:12:51]} Nxe3 {[%clk 0:56:48]} 20. fxe3
{[%clk 1:12:54]} Bxc6 {[%clk 0:56:27]} 21. Bxh7+ {[%clk 1:11:32]} Rxh7
{[%clk 0:56:06]} 22. Qxc6 {[%clk 1:11:56]} Nf8 {[%clk 0:50:59]} 23. Bxf8
{[%clk 1:10:35]} Kxf8 {[%clk 0:49:21]} 24. Ng5 {[%clk 1:09:53]} Qxg5
{[%clk 0:44:57]} 25. Rf1+ {[%clk 1:09:03]} Ke7 {[%clk 0:44:18]} 26. Qc7+
{[%clk 1:04:25]} Ke8 {[%clk 0:44:24]} 27. Qf7+ {[%clk 1:04:46]} Kd8
{[%clk 0:44:15]} 28. Rd1+ {[%clk 1:05:10]} Kc8 {[%clk 0:44:26]} 29. Rc1+
{[%clk 0:59:33]} Kd8 {[%clk 0:44:10]} 30. Rd1+ {[%clk 0:59:43]} Kc8
{[%clk 0:44:21]} 31. Qxe6+ {[%clk 0:59:08]} Kc7 {[%clk 0:33:39]} 32. Rd7+
{[%clk 0:56:42]} b5 33. Qc4+ 1-0

[Event "Agen 2017 - Open B"]
[Site "?"]
[Date "2017.08.20"]
[Round "2.4"]
[White "Chosson, Julien"]
[Black "Le Solleu, Guillaume"]
[Result "1-0"]
[LiveChessVersion "1.4.8"]
[BlackElo "1868"]
[WhiteElo "1954"]

1. d4 {[%clk 1:30:57]} d5 {[%clk 1:30:53]} 2. c4 {[%clk 1:31:20]} e6
{[%clk 1:31:02]} 3. Nc3 {[%clk 1:31:40]} Nf6 {[%clk 1:31:25]} 4. cxd5
{[%clk 1:31:07]} exd5 {[%clk 1:31:45]} 5. Bg5 {[%clk 1:31:28]} Be7
{[%clk 1:31:49]} 6. e3 {[%clk 1:31:31]} O-O {[%clk 1:31:32]} 7. Bd3
{[%clk 1:31:26]} h6 {[%clk 1:31:52]} 8. Bh4 {[%clk 1:30:04]} c6 {[%clk 1:31:58]}
9. Qc2 {[%clk 1:28:56]} Nbd7 {[%clk 1:31:42]} 10. Nf3 {[%clk 1:28:12]} Bd6
{[%clk 1:23:29]} 11. Rb1 {[%clk 1:25:41]} a5 {[%clk 1:22:07]} 12. O-O
{[%clk 1:24:08]} Qc7 {[%clk 1:22:07]} 13. Rfc1 {[%clk 1:21:07]} Qb8
{[%clk 1:19:43]} 14. a3 {[%clk 1:17:52]} Nh5 {[%clk 1:16:10]} 15. b4
{[%clk 1:15:11]} axb4 {[%clk 1:16:06]} 16. axb4 {[%clk 1:14:51]} b5
{[%clk 1:15:59]} 17. e4 {[%clk 1:02:00]} dxe4 {[%clk 1:12:18]} 18. Nxe4
{[%clk 0:59:29]} Bf4 {[%clk 1:10:56]} 19. Re1 {[%clk 0:52:31]} g5
{[%clk 0:31:32]} 20. Bg3 {[%clk 0:48:16]} Bxg3 {[%clk 0:31:26]} 21. hxg3
{[%clk 0:47:49]} Qb6 {[%clk 0:31:37]} 22. Nd6 {[%clk 0:40:00]} Ndf6
{[%clk 0:21:35]} 23. Ne5 {[%clk 0:36:24]} Qxd4 {[%clk 0:17:25]} 24. Rbd1
{[%clk 0:22:30]} Kg7 {[%clk 0:12:14]} 25. Nexf7 {[%clk 0:20:54]} Qxb4
{[%clk 0:07:21]} 26. Bg6 {[%clk 0:14:03]} Bg4 {[%clk 0:01:08]} 27. f3
{[%clk 0:06:56]} Bxf3 {[%clk 0:01:32]} 28. gxf3 {[%clk 0:06:32]} Nxg3
{[%clk 0:01:56]} 29. Re7 {[%clk 0:02:08]} Nd5 {[%clk 0:01:21]} 30. Rb7
{[%clk 0:01:55]} Kf6 {[%clk 0:00:54]} 31. Bh5 {[%clk 0:01:29]} Rg8
{[%clk 0:00:50]} 32. Nxh6 {[%clk 0:00:59]} Qh4 {[%clk 0:00:35]} 33. Rf7+
{[%clk 0:00:44]} Ke6 {[%clk 0:00:54]} 34. Bg4+ {[%clk 0:00:44]} Kxd6
{[%clk 0:01:21]} 35. Rd7+ {[%clk 0:00:46]} Ke5 {[%clk 0:01:31]} 36. Qb2+
{[%clk 0:00:37]} Kf4 {[%clk 0:01:21]} 37. Rd4+ {[%clk 0:00:44]} Ne4
{[%clk 0:00:40]} 38. Rxe4+ {[%clk 0:01:02]} Kg3 {[%clk 0:01:01]} 39. Qg2# 1-0

[Event "Agen 2017 - Open A"]
[Site "?"]
[Date "2017.08.21"]
[Round "3.2"]
[White "Vedovotto, Nicolas"]
[Black "Roussel, Glenn"]
[Result "1-0"]
[LiveChessVersion "1.4.8"]
[BlackElo "2184"]
[WhiteElo "2120"]

1. Nc3 {[%clk 1:30:49]} d5 {[%clk 1:30:53]} 2. e4 {[%clk 1:31:12]} d4
{[%clk 1:31:16]} 3. Nce2 {[%clk 1:31:37]} e5 {[%clk 1:31:38]} 4. Ng3
{[%clk 1:32:01]} Be6 {[%clk 1:31:56]} 5. Nf3 {[%clk 1:32:04]} f6 {[%clk 1:31:42]}
6. b3 {[%clk 1:31:13]} Qd7 {[%clk 1:29:16]} 7. Bc4 {[%clk 1:31:09]} c5
{[%clk 1:22:52]} 8. d3 {[%clk 1:25:41]} Nc6 {[%clk 1:20:35]} 9. a4
{[%clk 1:24:21]} g6 {[%clk 1:16:51]} 10. Nd2 {[%clk 1:21:18]} Nge7
{[%clk 1:12:11]} 11. Bxe6 {[%clk 1:16:30]} Qxe6 {[%clk 1:12:20]} 12. Nc4
{[%clk 1:16:49]} Bg7 {[%clk 1:08:22]} 13. f4 {[%clk 1:13:18]} O-O
{[%clk 1:03:00]} 14. f5 {[%clk 1:09:25]} Qd7 {[%clk 1:00:01]} 15. h4
{[%clk 1:04:56]} Rae8 {[%clk 0:55:43]} 16. h5 {[%clk 1:00:40]} g5
{[%clk 0:49:07]} 17. h6 {[%clk 1:00:51]} Bh8 {[%clk 0:49:31]} 18. Bd2
{[%clk 0:44:07]} Rb8 {[%clk 0:44:21]} 19. Qh5 {[%clk 0:41:59]} Rf7
{[%clk 0:41:05]} 20. O-O {[%clk 0:40:11]} Kf8 {[%clk 0:38:14]} 21. Nh1
{[%clk 0:37:01]} Ng8 {[%clk 0:33:04]} 22. Nf2 {[%clk 0:36:41]} Ke7
{[%clk 0:32:13]} 23. Ng4 {[%clk 0:36:21]} Qe8 {[%clk 0:28:19]} 24. b4
{[%clk 0:30:53]} b6 {[%clk 0:22:10]} 25. b5 {[%clk 0:30:22]} Nd8 {[%clk 0:21:19]}
26. Rfb1 {[%clk 0:28:55]} Rf8 {[%clk 0:16:43]} 27. Qh2 {[%clk 0:26:53]} Nf7
{[%clk 0:16:17]} 28. a5 {[%clk 0:26:07]} Qd7 {[%clk 0:15:53]} 29. axb6
{[%clk 0:25:19]} axb6 {[%clk 0:16:14]} 30. Ra6 {[%clk 0:25:28]} Qc7
{[%clk 0:14:50]} 31. Rba1 {[%clk 0:25:00]} Nd6 {[%clk 0:13:28]} 32. Nxd6
{[%clk 0:21:40]} Kxd6 {[%clk 0:13:50]} 33. Kf2 {[%clk 0:16:32]} Qd7
{[%clk 0:12:40]} 34. Qh1 {[%clk 0:16:37]} Qxb5 {[%clk 0:08:17]} 35. Qc1
{[%clk 0:16:50]} Rf7 {[%clk 0:06:11]} 36. Qa3 {[%clk 0:16:53]} Rc7
{[%clk 0:04:59]} 37. Ra7 {[%clk 0:13:55]} Ne7 {[%clk 0:02:29]} 38. Qa2
{[%clk 0:13:37]} c4 {[%clk 0:02:37]} 39. Qa3+ {[%clk 0:12:46]} Rc5
{[%clk 0:02:26]} 40. Rxe7 {[%clk 0:41:05]} Kxe7 {[%clk 0:31:13]} 41. Qa7+
{[%clk 0:41:22]} 1-0

[Event "Agen 2017 - Open B"]
[Site "?"]
[Date "2017.08.22"]
[Round "4.3"]
[White "Nguyen-Cadoret, Nathan"]
[Black "Cartigny, Patrick"]
[Result "1-0"]
[LiveChessVersion "1.4.8"]
[BlackElo "1908"]
[WhiteElo "1873"]

1. d4 {[%clk 1:30:55]} Nf6 {[%clk 1:26:13]} 2. c4 {[%clk 1:31:21]} c5
{[%clk 1:26:14]} 3. d5 {[%clk 1:31:45]} e6 {[%clk 1:26:40]} 4. Nc3
{[%clk 1:32:12]} exd5 {[%clk 1:26:52]} 5. cxd5 {[%clk 1:32:37]} Bd6
{[%clk 1:26:02]} 6. Nf3 {[%clk 1:31:58]} Bc7 {[%clk 1:20:10]} 7. Bg5
{[%clk 1:28:28]} d6 {[%clk 1:19:00]} 8. e4 {[%clk 1:25:33]} O-O {[%clk 1:19:26]}
9. Be2 {[%clk 1:23:57]} Re8 {[%clk 1:19:50]} 10. Nd2 {[%clk 1:16:14]} Nbd7
{[%clk 1:14:46]} 11. O-O {[%clk 1:10:21]} Ba5 {[%clk 1:15:13]} 12. f3
{[%clk 1:01:04]} a6 {[%clk 1:14:27]} 13. a4 {[%clk 1:00:21]} Ne5 {[%clk 1:02:54]}
14. f4 {[%clk 0:39:45]} Ng6 {[%clk 1:02:33]} 15. f5 {[%clk 0:33:27]} Ne5
{[%clk 1:01:01]} 16. Qc2 {[%clk 0:28:27]} Bd7 {[%clk 1:01:15]} 17. Nf3
{[%clk 0:24:43]} Nxf3+ {[%clk 0:45:35]} 18. Rxf3 {[%clk 0:21:34]} Qe7
{[%clk 0:44:51]} 19. Rg3 {[%clk 0:09:20]} Kh8 {[%clk 0:41:48]} 20. Bf3
{[%clk 0:07:58]} Qe5 {[%clk 0:34:11]} 21. Bxf6 {[%clk 0:07:45]} Qxf6
{[%clk 0:34:24]} 22. Ne2 {[%clk 0:06:21]} b5 {[%clk 0:20:35]} 23. axb5
{[%clk 0:05:52]} axb5 {[%clk 0:20:47]} 24. Rf1 {[%clk 0:04:52]} c4
{[%clk 0:20:47]} 25. Kh1 {[%clk 0:04:08]} Bb6 {[%clk 0:12:22]} 26. Qb1
{[%clk 0:02:59]} b4 {[%clk 0:09:38]} 27. Nf4 {[%clk 0:02:10]} Qe5
{[%clk 0:06:37]} 28. Nh3 {[%clk 0:02:17]} c3 {[%clk 0:05:49]} 29. Ng5
{[%clk 0:01:56]} Kg8 {[%clk 0:04:04]} 30. Bh5 {[%clk 0:01:39]} Rf8
{[%clk 0:03:28]} 31. f6 {[%clk 0:01:28]} g6 {[%clk 0:02:23]} 32. bxc3
{[%clk 0:01:12]} Bb5 {[%clk 0:01:42]} 33. Rf5 {[%clk 0:01:00]} Qxg3
{[%clk 0:01:12]} 34. hxg3 {[%clk 0:01:10]} gxf5 {[%clk 0:01:38]} 35. Qc1
{[%clk 0:00:54]} Bd8 {[%clk 0:00:42]} 36. e5 {[%clk 0:00:59]} dxe5
{[%clk 0:00:38]} 37. Ne4 {[%clk 0:01:18]} f4 {[%clk 0:00:36]} 38. Qd1
{[%clk 0:01:00]} Bd7 {[%clk 0:00:45]} 39. Bg4 {[%clk 0:01:07]} Bb5
{[%clk 0:00:33]} 40. Bf5 {[%clk 0:31:04]} 1-0

[Event "Agen 2017 - Vétérans"]
[Site "?"]
[Date "2017.08.23"]
[Round "5.1"]
[White "Vareille, Francois"]
[Black "Prie, Eric"]
[Result "1-0"]
[LiveChessVersion "1.4.8"]
[BlackElo "2481"]
[WhiteElo "2424"]

1. d4 {[%clk 1:30:55]} Nf6 {[%clk 1:30:02]} 2. c4 {[%clk 1:31:09]} c5
{[%clk 1:30:24]} 3. d5 {[%clk 1:31:34]} b5 {[%clk 1:30:46]} 4. Nf3
{[%clk 1:27:19]} g6 {[%clk 1:30:28]} 5. cxb5 {[%clk 1:27:30]} a6 {[%clk 1:30:49]}
6. Qc2 {[%clk 1:27:48]} Qb6 {[%clk 0:50:19]} 7. e4 {[%clk 1:16:18]} axb5
{[%clk 0:50:40]} 8. Nc3 {[%clk 1:16:19]} b4 {[%clk 0:49:10]} 9. Na4
{[%clk 1:07:57]} Qa5 {[%clk 0:49:19]} 10. Qxc5 {[%clk 1:02:12]} Qxc5
{[%clk 0:44:10]} 11. Nxc5 {[%clk 1:01:28]} e6 {[%clk 0:44:22]} 12. Bg5
{[%clk 0:59:52]} Nxd5 {[%clk 0:42:58]} 13. Rc1 {[%clk 0:47:56]} Nb6
{[%clk 0:40:26]} 14. Bf6 {[%clk 0:47:42]} Rg8 {[%clk 0:32:37]} 15. Bb5
{[%clk 0:33:00]} Nc6 {[%clk 0:20:28]} 16. Nxd7 {[%clk 0:31:38]} Bxd7
{[%clk 0:20:18]} 17. Rxc6 {[%clk 0:26:33]} Ra5 {[%clk 0:11:57]} 18. Rxb6
{[%clk 0:26:35]} Rxb5 {[%clk 0:12:20]} 19. Ra6 {[%clk 0:25:54]} Rb8
{[%clk 0:12:18]} 20. Ne5 {[%clk 0:25:32]} Bb5 {[%clk 0:10:13]} 21. Ra7
{[%clk 0:22:12]} Bc5 {[%clk 0:10:29]} 22. Ra5 {[%clk 0:18:04]} g5
{[%clk 0:07:06]} 23. Kd2 {[%clk 0:17:41]} Be7 {[%clk 0:06:24]} 24. Ng4
{[%clk 0:06:38]} h5 {[%clk 0:05:56]} 25. Bxe7 {[%clk 0:06:45]} Kxe7
{[%clk 0:06:10]} 26. Ra7+ {[%clk 0:06:49]} Kd6 {[%clk 0:05:46]} 27. Nh6
{[%clk 0:05:46]} 1-0

[Event "Agen 2017 - Open A"]
[Site "?"]
[Date "2017.08.24"]
[Round "6.2"]
[White "Degardin, Sylvain"]
[Black "Schweitzer, Adrien"]
[Result "1-0"]
[LiveChessVersion "1.4.8"]
[BlackElo "2125"]
[WhiteElo "2195"]

1. e4 {[%clk 1:30:56]} e5 {[%clk 1:30:49]} 2. Nf3 {[%clk 1:31:17]} Nc6
{[%clk 1:31:15]} 3. Bb5 {[%clk 1:31:38]} Nd4 {[%clk 1:31:37]} 4. Nxd4
{[%clk 1:31:40]} exd4 {[%clk 1:32:03]} 5. O-O {[%clk 1:31:23]} c6
{[%clk 1:32:20]} 6. Bc4 {[%clk 1:31:21]} Nf6 {[%clk 1:32:36]} 7. d3
{[%clk 1:28:39]} d6 {[%clk 1:31:05]} 8. f4 {[%clk 1:23:39]} Be7 {[%clk 1:30:30]}
9. Bb3 {[%clk 1:08:57]} O-O {[%clk 1:23:38]} 10. Qe1 {[%clk 1:03:01]} Nd7
{[%clk 1:02:49]} 11. a3 {[%clk 0:58:17]} b5 {[%clk 0:56:30]} 12. Nd2
{[%clk 0:57:25]} Nc5 {[%clk 0:50:25]} 13. Ba2 {[%clk 0:57:26]} Be6
{[%clk 0:37:18]} 14. Bxe6 {[%clk 0:54:04]} Nxe6 {[%clk 0:36:14]} 15. Nf3
{[%clk 0:52:08]} Qb6 {[%clk 0:30:06]} 16. f5 {[%clk 0:50:59]} Nd8
{[%clk 0:29:06]} 17. g4 {[%clk 0:48:34]} f6 {[%clk 0:27:31]} 18. h4
{[%clk 0:45:11]} Nf7 {[%clk 0:23:50]} 19. g5 {[%clk 0:42:43]} Ne5
{[%clk 0:23:16]} 20. Nxe5 {[%clk 0:41:50]} dxe5 {[%clk 0:23:20]} 21. Qe2
{[%clk 0:41:16]} fxg5 {[%clk 0:15:42]} 22. hxg5 {[%clk 0:41:22]} c5
{[%clk 0:13:28]} 23. Rf2 {[%clk 0:41:12]} g6 {[%clk 0:08:38]} 24. Qg4
{[%clk 0:38:03]} Rf7 {[%clk 0:07:54]} 25. Bd2 {[%clk 0:37:41]} Raf8
{[%clk 0:07:12]} 26. Raf1 {[%clk 0:25:25]} Bd8 {[%clk 0:07:16]} 27. Rh2
{[%clk 0:24:10]} Qc6 {[%clk 0:03:26]} 28. Rh6 {[%clk 0:23:14]} Qd7
{[%clk 0:03:18]} 29. Qg3 {[%clk 0:21:08]} Bc7 {[%clk 0:02:54]} 30. f6
{[%clk 0:20:10]} Bd6 {[%clk 0:02:24]} 31. Rf2 {[%clk 0:19:45]} Rc8
{[%clk 0:02:21]} 32. Rfh2 {[%clk 0:08:35]} Bf8 {[%clk 0:02:28]} 33. R6h4
{[%clk 0:07:14]} Re8 {[%clk 0:02:41]} 34. Qe1 {[%clk 0:05:17]} Rc8
{[%clk 0:02:26]} 35. Qa1 {[%clk 0:03:53]} Qe6 {[%clk 0:02:33]} 36. a4
{[%clk 0:02:48]} b4 {[%clk 0:01:29]} 37. b3 {[%clk 0:03:08]} a5 {[%clk 0:01:55]}
38. Qe1 {[%clk 0:02:39]} Rcc7 {[%clk 0:01:49]} 39. Qg3 {[%clk 0:02:37]} Rb7
{[%clk 0:01:50]} 40. Rf2 {[%clk 0:32:43]} Rbd7 {[%clk 0:30:48]} 41. Rf3
{[%clk 0:32:08]} Rb7 {[%clk 0:13:21]} 42. Qh2 {[%clk 0:31:33]} Rbd7
{[%clk 0:13:05]} 43. Be1 {[%clk 0:31:31]} h5 {[%clk 0:12:01]} 44. Bg3
{[%clk 0:19:22]} Bd6 {[%clk 0:12:11]} 45. Qf2 {[%clk 0:18:45]} Rh7
{[%clk 0:07:07]} 46. Bh2 {[%clk 0:18:41]} Bc7 {[%clk 0:06:41]} 47. Qg3
{[%clk 0:18:55]} Kf8 {[%clk 0:06:11]} 48. Kg2 {[%clk 0:16:59]} Bd6
{[%clk 0:06:29]} 49. Bg1 {[%clk 0:16:31]} Bc7 {[%clk 0:05:46]} 50. Rh1
{[%clk 0:16:13]} Bd6 {[%clk 0:05:58]} 51. Qh4 {[%clk 0:16:27]} Bc7
{[%clk 0:05:14]} 52. Bf2 {[%clk 0:16:47]} Bd8 {[%clk 0:04:58]} 53. Bg3
{[%clk 0:16:39]} Rb7 {[%clk 0:04:31]} 54. Rhf1 {[%clk 0:16:31]} Rbf7
{[%clk 0:03:06]} 55. Qh2 {[%clk 0:12:20]} Bc7 {[%clk 0:03:15]} 56. Qh3
{[%clk 0:10:04]} Qxh3+ {[%clk 0:01:43]} 57. Kxh3 {[%clk 0:10:27]} Ke8
{[%clk 0:01:35]} 58. Rf5 {[%clk 0:05:49]} gxf5 {[%clk 0:01:56]} 59. Rxf5
{[%clk 0:06:08]} Kd7 {[%clk 0:01:25]} 60. g6 {[%clk 0:05:47]} Ke6
{[%clk 0:01:43]} 61. Kh4 {[%clk 0:04:41]} Rd7 {[%clk 0:01:58]} 62. gxh7
{[%clk 0:02:28]} Rxh7 {[%clk 0:02:16]} 63. Rxh5 {[%clk 0:02:20]} Rxh5+
{[%clk 0:02:22]} 64. Kxh5 {[%clk 0:02:45]} Kxf6 {[%clk 0:02:41]} 65. Bh4+
{[%clk 0:03:06]} Ke6 {[%clk 0:02:54]} 66. Kg6 {[%clk 0:03:25]} Bb6
{[%clk 0:03:10]} 67. Kg7 {[%clk 0:03:37]} Bc7 {[%clk 0:03:27]} 68. Kf8
{[%clk 0:03:37]} Bd6+ {[%clk 0:03:42]} 69. Ke8 {[%clk 0:03:35]} Bc7
{[%clk 0:04:09]} 70. Be7 {[%clk 0:03:43]} Bb6 {[%clk 0:03:27]} 71. Bf8
{[%clk 0:03:56]} Ba7 {[%clk 0:02:24]} 72. Kd8 {[%clk 0:04:12]} Kf7
{[%clk 0:01:45]} 73. Bd6 {[%clk 0:04:20]} 1-0

[Event "Agen 2017 - Accession"]
[Site "?"]
[Date "2017.08.19"]
[Round "7.4"]
[White "Lamoureux, Charles"]
[Black "Demuth, Adrien"]
[Result "0-1"]
[LiveChessVersion "1.4.8"]
[BlackElo "2540"]
[WhiteElo "2306"]

1. b3 {[%clk 1:30:52]} e5 {[%clk 1:29:08]} 2. Bb2 {[%clk 1:31:13]} Nc6
{[%clk 1:29:35]} 3. e3 {[%clk 1:30:59]} Nf6 {[%clk 1:29:30]} 4. Ne2
{[%clk 1:20:16]} d5 {[%clk 1:25:46]} 5. g3 {[%clk 1:19:40]} Be6 {[%clk 1:23:47]}
6. Bg2 {[%clk 1:19:52]} Qd7 {[%clk 1:23:56]} 7. h3 {[%clk 1:19:48]} Bd6
{[%clk 1:24:08]} 8. d3 {[%clk 1:18:01]} O-O {[%clk 1:24:00]} 9. a3
{[%clk 1:14:23]} Ne7 {[%clk 1:19:22]} 10. Nd2 {[%clk 1:11:46]} h6
{[%clk 1:08:29]} 11. c4 {[%clk 1:08:11]} c6 {[%clk 1:07:42]} 12. Qc2
{[%clk 1:08:25]} Rfe8 {[%clk 1:04:43]} 13. O-O-O {[%clk 1:06:55]} Ng6
{[%clk 0:51:34]} 14. Kb1 {[%clk 1:01:16]} Qe7 {[%clk 0:47:09]} 15. Ka2
{[%clk 0:59:11]} a5 {[%clk 0:40:56]} 16. e4 {[%clk 0:59:22]} b5 {[%clk 0:37:51]}
17. f4 {[%clk 0:44:39]} a4 {[%clk 0:28:10]} 18. b4 {[%clk 0:43:59]} dxc4
{[%clk 0:25:03]} 19. dxc4 {[%clk 0:43:51]} exf4 {[%clk 0:22:25]} 20. gxf4
{[%clk 0:40:16]} Nxf4 {[%clk 0:21:06]} 21. Nxf4 {[%clk 0:38:33]} Bxf4
{[%clk 0:21:25]} 22. e5 {[%clk 0:38:54]} Nd7 {[%clk 0:19:35]} 23. Bxc6
{[%clk 0:38:03]} bxc4 {[%clk 0:14:16]} 24. Bc3 {[%clk 0:32:51]} Rac8
{[%clk 0:12:08]} 25. b5 {[%clk 0:21:05]} Red8 {[%clk 0:09:47]} 26. Rhg1
{[%clk 0:14:39]} Nc5 {[%clk 0:07:20]} 27. Ne4 {[%clk 0:13:15]} Rxd1
{[%clk 0:04:26]} 28. Qxd1 {[%clk 0:05:25]} Nxe4 {[%clk 0:03:38]} 29. Bxe4
{[%clk 0:05:44]} Qc5 {[%clk 0:03:38]} 30. Qb1 {[%clk 0:04:26]} Bxe5
{[%clk 0:03:16]} 31. Rc1 {[%clk 0:02:44]} Bxc3 {[%clk 0:02:59]} 32. Rxc3
{[%clk 0:03:09]} Rb8 {[%clk 0:02:35]} 33. Bc6 {[%clk 0:03:09]} Bd5
{[%clk 0:01:45]} 34. Qf5 {[%clk 0:01:18]} Qd4 {[%clk 0:02:04]} 35. Rc2
{[%clk 0:01:41]} Be6 {[%clk 0:01:47]} 36. Qf3 {[%clk 0:01:49]} c3+
{[%clk 0:00:53]} 37. Kb1 {[%clk 0:02:14]} Qg1+ {[%clk 0:00:42]} 38. Rc1
{[%clk 0:02:06]} Ba2+ {[%clk 0:00:39]} 39. Kc2 {[%clk 0:02:19]} Bb3+
{[%clk 0:01:04]} 40. Kb1 {[%clk 0:32:43]} Ba2+ {[%clk 0:31:20]} 41. Kc2
{[%clk 0:33:08]} Bb3+ {[%clk 0:23:17]} 42. Kb1 {[%clk 0:33:06]} c2+
{[%clk 0:23:44]} 43. Kb2 {[%clk 0:33:14]} Qxc1+ {[%clk 0:23:04]} 0-1

[Event "Agen 2017 - Open D"]
[Site "?"]
[Date "2017.08.26"]
[Round "8.2"]
[White "Charruyer, Baptiste"]
[Black "Alachtar, Socrate"]
[Result "0-1"]
[LiveChessVersion "1.4.8"]
[BlackElo "1426"]
[WhiteElo "1472"]

1. e4 {[%clk 1:30:53]} e6 {[%clk 1:30:54]} 2. d4 {[%clk 1:31:13]} c5
{[%clk 1:31:18]} 3. Nf3 {[%clk 1:29:15]} Nf6 {[%clk 1:31:11]} 4. Nc3
{[%clk 1:25:23]} Qb6 {[%clk 1:30:21]} 5. e5 {[%clk 1:21:08]} Ng8 {[%clk 1:30:07]}
6. d5 {[%clk 1:16:16]} d6 {[%clk 1:29:05]} 7. Bb5+ {[%clk 1:13:21]} Bd7
{[%clk 1:26:58]} 8. Bxd7+ {[%clk 1:08:54]} Nxd7 {[%clk 1:27:19]} 9. dxe6
{[%clk 1:08:15]} fxe6 {[%clk 1:27:26]} 10. exd6 {[%clk 1:05:38]} Bxd6
{[%clk 1:27:00]} 11. Qe2 {[%clk 1:04:19]} e5 {[%clk 1:21:54]} 12. O-O
{[%clk 1:01:17]} Ngf6 {[%clk 1:21:31]} 13. Rd1 {[%clk 0:57:14]} O-O-O
{[%clk 1:20:29]} 14. Nb5 {[%clk 0:50:09]} Bb8 {[%clk 1:15:04]} 15. a4
{[%clk 0:43:46]} a6 {[%clk 1:14:42]} 16. Na3 {[%clk 0:42:08]} h6 {[%clk 1:14:06]}
17. Nc4 {[%clk 0:39:37]} Qe6 {[%clk 1:12:25]} 18. Bd2 {[%clk 0:34:35]} e4
{[%clk 1:09:23]} 19. Ba5 {[%clk 0:31:11]} Rde8 {[%clk 1:08:00]} 20. Ne1
{[%clk 0:28:57]} Nd5 {[%clk 1:04:08]} 21. Ne3 {[%clk 0:26:48]} Nf4
{[%clk 0:59:17]} 22. Qg4 {[%clk 0:24:31]} Qc6 {[%clk 0:55:49]} 23. g3
{[%clk 0:21:41]} Ne6 {[%clk 0:53:37]} 24. Bc3 {[%clk 0:18:52]} h5
{[%clk 0:52:27]} 25. Qe2 {[%clk 0:17:39]} h4 {[%clk 0:52:29]} 26. b4
{[%clk 0:16:35]} hxg3 {[%clk 0:52:15]} 27. fxg3 {[%clk 0:16:53]} Rh3
{[%clk 0:48:14]} 28. b5 {[%clk 0:16:06]} Qc7 {[%clk 0:38:23]} 29. bxa6
{[%clk 0:14:01]} b6 {[%clk 0:33:29]} 30. a5 {[%clk 0:13:15]} Reh8
{[%clk 0:33:19]} 31. Nf1 {[%clk 0:10:34]} Rxh2 {[%clk 0:27:08]} 32. Qxh2
{[%clk 0:03:11]} Rxh2 {[%clk 0:27:20]} 33. Kxh2 {[%clk 0:03:37]} b5
{[%clk 0:25:29]} 34. Rd5 {[%clk 0:02:27]} e3 {[%clk 0:23:56]} 35. a7
{[%clk 0:02:19]} Bxa7 {[%clk 0:23:15]} 36. Nxe3 {[%clk 0:02:38]} Nf6
{[%clk 0:21:43]} 37. Bxf6 {[%clk 0:02:49]} gxf6 {[%clk 0:21:24]} 38. Rad1
{[%clk 0:02:49]} Qh7+ {[%clk 0:20:49]} 39. Kg2 {[%clk 0:02:59]} Qe4+
{[%clk 0:20:53]} 40. Kh2 {[%clk 0:32:35]} Qxe3 {[%clk 0:51:00]} 41. Rd6
{[%clk 0:32:14]} Nd4 {[%clk 0:50:28]} 42. Ng2 {[%clk 0:31:30]} Qe5
{[%clk 0:49:36]} 43. Ra6 {[%clk 0:31:28]} Kb7 0-1

[Event "Agen 2017 - Accession"]
[Site "?"]
[Date "2017.08.27"]
[Round "9.1"]
[White "Loiseau, Quentin"]
[Black "Degraeve, Jean-Marc"]
[Result "1-0"]
[LiveChessVersion "1.4.8"]
[BlackElo "2587"]
[WhiteElo "2425"]

1. d4 {[%clk 1:27:56]} d6 {[%clk 1:30:39]} 2. Nf3 {[%clk 1:28:22]} g6
{[%clk 1:30:20]} 3. c4 {[%clk 1:28:45]} Bg7 {[%clk 1:30:46]} 4. Nc3
{[%clk 1:29:04]} c5 {[%clk 1:29:31]} 5. d5 {[%clk 1:28:21]} Nf6 {[%clk 1:27:58]}
6. h3 {[%clk 1:26:29]} O-O {[%clk 1:28:17]} 7. e4 {[%clk 1:26:55]} Re8
{[%clk 1:24:40]} 8. Bd3 {[%clk 1:26:47]} e6 {[%clk 1:22:40]} 9. O-O
{[%clk 1:23:59]} Na6 {[%clk 1:22:18]} 10. Bg5 {[%clk 1:22:42]} h6
{[%clk 1:21:49]} 11. Be3 {[%clk 1:22:36]} Nc7 {[%clk 1:21:08]} 12. Qd2
{[%clk 1:20:31]} Kh7 {[%clk 1:18:49]} 13. e5 {[%clk 1:10:57]} dxe5
{[%clk 1:07:46]} 14. d6 {[%clk 1:11:12]} Na6 {[%clk 0:51:50]} 15. Nxe5
{[%clk 1:10:44]} Rf8 {[%clk 0:52:15]} 16. Nxf7 {[%clk 1:07:11]} Rxf7
{[%clk 0:50:19]} 17. Bxg6+ {[%clk 1:07:28]} Kxg6 {[%clk 0:38:54]} 18. Qd3+
{[%clk 1:04:18]} Ne4 {[%clk 0:39:12]} 19. Qxe4+ {[%clk 1:04:34]} Kf6
{[%clk 0:39:35]} 20. Qh4+ {[%clk 1:04:46]} 1-0